America's musical landscape
Spremljeno u:
| Glavni autor: | |
|---|---|
| Format: | Knjiga |
| Jezik: | Undetermined |
| Izdano: |
Boston
McGraw-Hill
2002
|
| Teme: | |
| Oznake: |
Dodaj oznaku
Bez oznaka, Budi prvi tko označuje ovaj zapis!
|
| Thư viện lưu trữ: | Trung tâm Học liệu Trường Đại học Cần Thơ |
|---|
| LEADER | 00556nam a2200217Ia 4500 | ||
|---|---|---|---|
| 001 | CTU_129876 | ||
| 008 | 210402s9999 xx 000 0 und d | ||
| 020 | |c 61.56 | ||
| 082 | |a 780.973 | ||
| 082 | |b F394 | ||
| 100 | |a Ferris, Jean | ||
| 245 | 0 | |a America's musical landscape | |
| 245 | 0 | |c Jean Ferris | |
| 260 | |a Boston | ||
| 260 | |b McGraw-Hill | ||
| 260 | |c 2002 | ||
| 650 | |a Music,Music appreciation | ||
| 650 | |x History and criticism | ||
| 650 | |z United States | ||
| 904 | |i Giang | ||
| 980 | |a Trung tâm Học liệu Trường Đại học Cần Thơ | ||